00436 2200157 4500001002100000005001500021035002000036245008600056100002000142300002600162260003400188082000800222084001400230020002200244990001200266INLIS00000000000170920250502092559 a0010-05250000011 aSaya Tidak Boleh Berbicara Sejak Bayi Demi Kebaikan - Kebaikan /cEdi AH. Iyubenu0 aEdi AH. Iyubenu a196 hlm ;c14 x 20 cm aYogyakarta :bBasabasi,c2017 a813 a813 EDI s a978-602-6124-69-2 a0754628